| 000 | 01189cam a22002054a 4500 | ||
|---|---|---|---|
| 005 | 20250605164022.0 | ||
| 008 | 250528s ||||||||||||||||||||||||d | ||
| 035 | _a16376 | ||
| 020 | _a262030667 | ||
| 040 |
_aGR-AtMCL _bgre _dGR-AtMCL _eAACR2 |
||
| 245 | 1 | _aUrbanization Primer / Project Assessment, Site Analysis, Design Criteria for Site and Services or Similar Dwelling Environments in Developing Areas, with a Documentary Collection of Photographs on Urbanization | |
| 260 |
_bThe MIT Press, _c1978 |
||
| 300 | _a338 | ||
| 520 | _aAcknowledgements, Preface, Introduction, Project Assessment, Guidelines for Identification, Procedures for Evaluation, Site Analysis, Size and Shape, Boundaries, Views, Soil, Climate, Flooding, Land Tenure, Utilities, Refuse Collection, Income Groups, Land Utilization, Land Development, Design Criteria, The Models, The Matrix, Water Supply, Sewage Disposal, Electricity and Street Lighting, Appendix, Utilities: Cost Data, Illustrations, Abbreviations, Units of Measurment, Glossary, Bibliography, Index. | ||
| 700 | 1 |
_aCaminos Horacio _92470 |
|
| 700 | 1 |
_aGoethert Reinhard _92471 |
|
| 942 | _cBK | ||
| 999 |
_c1884 _d1884 |
||